Normal view
MARC view
- Datorkommunikation
Entry Topical Term
001 - CONTROL NUMBER
- control field: 95765
003 - CONTROL NUMBER IDENTIFIER
- control field: NUST
005 - DATE AND TIME OF LATEST TRANSACTION
- control field: 20220729120400.0
008 - FIXED-LENGTH DATA ELEMENTS
- fixed length control field: 220729|| aca||aabn | a|a d
040 ## - CATALOGING SOURCE
- Original cataloging agency: NUST
- Transcribing agency: NUST
150 ## - HEADING--TOPICAL TERM
- Topical term or geographic name entry element: Datorkommunikation
670 ## - SOURCE DATA FOUND
- Source citation: Work cat.: (NUST)194622: Tanenbaum, Andrew S., 1413, Computer networks / , cop. 1996
